Top Electricity Exporting Countries - Statistics

General Stats
  • This quiz has been taken 174 times
  • The average score is 6 of 10
Answer Stats
$ Billion Country % Correct
4.2 France
93%
3.8 Germany
93%
1.5 China
90%
2.3 Canada
82%
1.6 Sweden
63%
2.1 Switzerland
51%
1.1 Austria
50%
1.5 Czech Republic
29%
2.1 Paraguay
12%
1.4 Laos
5%
No matching quizzes found
Score Distribution
Percent of People with Each Score
Percentile by Number Answered
Your Score History
You have not taken this quiz